| 000 | 00898cam a2200265 a 4500 | ||
|---|---|---|---|
| 001 | 15771120 | ||
| 005 | 20180207093756.0 | ||
| 008 | 090610s2010 njua b 001 0 eng | ||
| 010 | _a 2009023602 | ||
| 015 |
_a015-33649 _2bnb |
||
| 020 | _a9780136094586 (alk. paper) | ||
| 020 | _a0136094589 (alk. paper) | ||
| 035 | _a(OCoLC)ocn297146325 | ||
| 040 |
_aDLC _cDLC _dYDX _dBTCTA _dYDXCP _dCDX _dBWX _dGBVCP _dDLC |
||
| 041 | _aeng | ||
| 080 | _a658.4012 BAR | ||
| 082 | 0 | 0 |
_a658.4012 BAR _222 |
| 100 | 1 | _a54 | |
| 101 | _aMEN | ||
| 245 | 1 | 0 |
_aStrategic management and competitive advantage : _cJay B. Barney, William S. Hesterly. |
| 504 | _aIncludes bibliographical references and indexes. | ||
| 906 |
_a7 _bcbc _corignew _d1 _eecip _f20 _gy-gencatlg |
||
| 942 |
_2ddc _cBK |
||
| 999 |
_c42038 _d42038 |
||